Flags of USA territories - Statistics

General Stats
  • This quiz has been taken 69 times
  • The average score is 4 of 5
Answer Stats
Picture Answer % Correct
Guam
96%
Puerto Rico
96%
American Samoa
89%
U.S. Virgin Islands
79%
Northern Mariana Islands
72%
No matching quizzes found
Score Distribution
Percent of People with Each Score
Percentile by Number Answered
Your Score History
You have not taken this quiz